Po dobytí strednej a východnej Európy zamieril Allianz ešte ďalej na východ
Predaj Slovenskej poisťovne koncernu Allianz AG uzavrel prvé desaťročie expanzie tohto nemeckého gigantu v krajinách strednej a východnej Európy (SVE). Allianz sa stal jednoznačne najväčším zahraničným investorom v oblasti SVE. Po "dobytí" SVE sa Allianz nezastavil a pokračuje ďalej na východ, začín...
Salvato in:
| Autore principale: | |
|---|---|
| Natura: | Capitolo di libro |
| Lingua: | slovacco |
| Soggetti: | |
| Tags: |
Nessun Tag, puoi essere il primo ad aggiungerne!!
|
MARC
| LEADER | 00000naa a2200000 4500 | ||
|---|---|---|---|
| 001 | r046744 | ||
| 005 | 20230921113651.9 | ||
| 041 | 0 | |a slo | |
| 044 | |a SK | ||
| 245 | 1 | 0 | |a Po dobytí strednej a východnej Európy zamieril Allianz ešte ďalej na východ |c Ján Záborský |
| 520 | |a Predaj Slovenskej poisťovne koncernu Allianz AG uzavrel prvé desaťročie expanzie tohto nemeckého gigantu v krajinách strednej a východnej Európy (SVE). Allianz sa stal jednoznačne najväčším zahraničným investorom v oblasti SVE. Po "dobytí" SVE sa Allianz nezastavil a pokračuje ďalej na východ, začína sa orientovať na Rusko a zaujíma sa aj o Čínu. | ||
| 610 | 2 | 0 | |a poisťovne |
| 610 | 2 | 0 | |a stredná Európa |
| 610 | 2 | 0 | |a východná Európa |
| 610 | 2 | 0 | |a SVE |
| 610 | 2 | 0 | |a Rusko |
| 610 | 2 | 0 | |a Čína |
| 610 | 2 | 0 | |a Allianz AG Holding |
| 100 | 1 | |a Záborský, Ján | |